| 000 | 00610cam a22002057a 4500 | ||
|---|---|---|---|
| 001 | 001411 | ||
| 003 | armpunfd | ||
| 005 | 20140612090639.0 | ||
| 008 | 040212e0####xx#a##########000#0#und#d | ||
| 040 |
_aarmpunfd _carmpunfd |
||
| 080 | _a351.83 S 71 | ||
| 100 | 1 | 0 | _a Sosa Aubone, Ricardo |
| 245 | 1 | 0 | _aLey de procedimiento laboral en la provincia de buenos aires : nÂș 7718 |
| 260 |
_a Uenos Aires : Ediciones Juridicas _b1994. 678 P. |
||
| 650 | 7 |
_a Buenos Aires _2LEMB |
|
| 650 | 7 |
_a Ley 7.718 _2LEMB |
|
| 650 | 7 |
_a Procedimiento Laboral _2LEMB |
|
| 942 |
_cLB _2cdu |
||
| 945 |
_aCatalis _d2010-08-19 |
||
| 999 |
_c1402 _d231906 |
||